| 000 | nkm a22 a 4500 | ||
|---|---|---|---|
| 999 |
_c210221 _d210221 |
||
| 003 | BLK | ||
| 005 | 20200929105340.0 | ||
| 008 | 180412b bul rap|r|||| r0| k|bulo| | ||
| 010 | _aKNG00163127000 | ||
| 040 | _aBLK | ||
| 041 |
_aBUL _cBUL |
||
| 080 |
_aПриложно изкуство. Художествени занаяти. Интериор. Дизайн. Играчки. Худож. пространствено оформление _b745/749 _x(497.2)(092) _z745/749(497.2)(092) |
||
| 080 |
_aБългарски художник, приложно изкуство _b929 Механджийски, Димитър Манасиев _z929 Механджийски, Димитър Манасиев |
||
| 100 | 1 |
_aЙончева, Ема Стоянова _eпърви автор _9379403 |
|
| 139 |
_aМеханджийски, Димитър Манасиев _bМ 51 |
||
| 245 | 1 | 0 |
_aДимитър Механджийски _cЕма Стоянова Йончева; Димитър Манасиев Механджийски. |
| 257 | _aBGR | ||
| 260 |
_bБълг. художник _c1970 |
||
| 300 |
_a56 с. _b1 л. портр., 36 л. репрод. и ил. _c23 см |
||
| 380 | _a7 | ||
| 500 | _a1 113 тир. - Рез. на бълг., рус., нем., фр. и англ. - Списък на репрод. | ||
| 600 | 1 | 4 |
_aМеханджийски, Димитър Манасиев _9352347 |
| 650 | 4 |
_aХудожествени занаяти _9278025 |
|
| 651 | 4 |
_aБългария _9241624 |
|
| 653 | _aхудожествени занаяти | ||
| 653 | _aприложни изкуства | ||
| 653 | _aДимитър Механджийски | ||
| 653 | _aковано желязо | ||
| 653 | _aграфика | ||
| 653 | _aгваш | ||
| 700 | 1 |
_aМеханджийски, Димитър Манасиев _9352347 _e* |
|
| 852 |
_aЦб 301155 _bЦб |
||
| 942 |
_cGRA _n0 _s1 |
||
| 944 |
_aED _c2020-09-29 _kКети |
||